Belgian and American C.R.B. fellows, 1920-1950 ; biographical directory.

Bibliographic Details
Corporate Author: Belgian American Educational Foundation, inc
Format: Book
Language:English
Published: New York, [publisher not identified] ; 1950.
Subjects:

MARC

Tag First Indicator Second Indicator Subfields
LEADER 00000cam a2200000 4500
001 in00000055877
005 20151008052325.0
008 790106s1950 nyuc 00000 eng
010 |a  52001030  
035 |a (OCoLC)04528483 
035 |9 AAH2824AM 
040 |a DLC  |c CLE  |d OCL  |d TXA  |d UtOrBLW 
049 |a TXAM  |c [197856] 
050 0 |a LB2338  |b .B4 1950 
082 0 |a 378.33 
090 |a LB2338  |b .B39 1950 
092 |a 378.33069  |b B429b 
110 2 |a Belgian American Educational Foundation, inc. 
245 1 0 |a Belgian and American C.R.B. fellows, 1920-1950 ;  |b biographical directory. 
264 1 |a New York,  |b [publisher not identified] ;  |c 1950. 
300 |a xxv, 218 pages :  |b portraits ;  |c 24 cm. 
336 |a text  |b txt  |2 rdacontent 
337 |a unmediated  |b n  |2 rdamedia 
338 |a volume  |b nc  |2 rdacarrier 
500 |a Cover-title: Biographical directory; C.R.B. fellows, 1920-1950. 
650 0 |a Scholarships. 
651 0 |a United States  |v Biography. 
651 0 |a Belgium  |x Biography. 
999 |a MARS 
999 f f |s 4a6fe773-7fdf-3d89-932b-421c8e8a1a87  |i fd03bb2f-9b3e-3ec1-a914-c049aa559c3e  |t 0 
952 f f |p normal  |a Texas A&M University  |b College Station  |c Sterling C. Evans Library  |d Evans: Library Stacks  |t 0  |e LB2338 .B39 1950  |h Library of Congress classification  |i unmediated -- volume  |m A14805860101 
998 f f |a LB2338 .B39 1950  |t 0  |l Evans: Library Stacks